[Event "TCh-FRA Top 12 2018"]
[Site "Brest FRA"]
[Date "2018.05.30"]
[Round "5.5"]
[Board "6"]
[White "Koch, Jean-Rene"]
[Black "Kosteniuk, Alexandra"]
[Result "1/2-1/2"]
[WhiteTitle "IM"]
[BlackTitle "GM"]
[WhiteElo "2454"]
[BlackElo "2555"]
[WhiteTeam "Metz Fischer"]
[BlackTeam "CLICHY Echecs 92"]
[WhiteFideId "600148"]
[BlackFideId "4128125"]
[EventDate "2018.05.26"]

1. c4 e5 2. Nc3 Nf6 3. Nf3 Nc6 4. e3 Bb4 5. Qc2 Bxc3 6. Qxc3 Qe7 7. a3 d5 8. d4
exd4 9. Nxd4 Nxd4 10. Qxd4 O-O 11. c5 a5 12. b3 b6 13. c6 Ba6 14. Bxa6 Rxa6 15.
Bb2 Rd8 16. Rc1 Qe6 17. O-O Rd6 18. Rfd1 Ra8 19. Qc3 Qg4 20. h3 Qg6 21. Qc2 Re8
22. Qxg6 hxg6 23. Bd4 Ne4 24. f3 Ng3 25. Kf2 Nf5 26. g4 Nxd4 27. Rxd4 Ree6 28.
b4 axb4 29. axb4 Rxc6 30. Rxc6 Rxc6 31. Rxd5 Rc2+ 32. Kg3 Kf8 33. e4 Ke7 34. b5
c6 35. bxc6 Rxc6 36. Kf4 Rc8 37. h4 Rb8 38. Rb5 Kd6 39. Ke3 Kc6 40. Re5 b5 41.
Kd2 Rd8+ 42. Kc3 Rd6 43. f4 Rd7 44. Re8 Ra7 45. Rg8 f5 46. exf5 gxf5 47. g5 Kd5
48. Re8 Ra3+ 49. Kb2 Rh3 50. Re5+ Kc4 51. Rxf5 Rxh4 52. Rf7 Rh2+ 53. Kc1 g6 54.
f5 gxf5 55. Rxf5 Rg2 56. Kb1 b4 57. Rf4+ Kb3 58. Rf3+ Ka4 59. Rh3 b3 60. Rh8
Rxg5 61. Ra8+ 1/2-1/2

[Event "TCh-FRA Top 12 2018"]
[Site "Brest FRA"]
[Date "2018.05.30"]
[Round "5.5"]
[Board "7"]
[White "Barbot, Pierre1"]
[Black "Vitoux, Colomban"]
[Result "1-0"]
[WhiteTitle "IM"]
[BlackTitle "IM"]
[WhiteElo "2421"]
[BlackElo "2384"]
[WhiteTeam "CLICHY Echecs 92"]
[BlackTeam "Metz Fischer"]
[WhiteFideId "663727"]
[BlackFideId "628549"]
[EventDate "2018.05.26"]

1. d4 d5 2. c4 c6 3. Nc3 Nf6 4. Nf3 e6 5. e3 Nbd7 6. Qc2 Bd6 7. Bd3 O-O 8. O-O
e5 9. cxd5 cxd5 10. e4 exd4 11. Nxd5 Nxd5 12. exd5 h6 13. Rd1 Ne5 14. Nxd4 Bg4
15. Be2 Qf6 16. Bxg4 Nxg4 17. h3 Ne5 18. Be3 Rac8 19. Qf5 Be7 20. Bf4 Nc4 21. b3
Nb6 22. Be5 Qg6 23. d6 Bd8 24. Qf3 f6 25. Bg3 Rf7 26. Re1 Rd7 27. Re4 Qg5 28.
Re8+ Kf7 29. Rf8+ 1-0

[Event "TCh-FRA Top 12 2018"]
[Site "Brest FRA"]
[Date "2018.05.30"]
[Round "5.5"]
[Board "8"]
[White "Monpeurt, Cyrielle"]
[Black "Guichard, Pauline"]
[Result "1/2-1/2"]
[WhiteTitle "WFM"]
[BlackTitle "WGM"]
[WhiteElo "2168"]
[BlackElo "2303"]
[WhiteTeam "Metz Fischer"]
[BlackTeam "CLICHY Echecs 92"]
[WhiteFideId "677400"]
[BlackFideId "639370"]
[EventDate "2018.05.26"]

1. e4 d6 2. d4 Nf6 3. Nc3 e5 4. dxe5 dxe5 5. Qxd8+ Kxd8 6. Bg5 Be6 7. O-O-O+ Nd7
8. Bb5 c6 9. Ba4 Kc7 10. Bb3 Nc5 11. Bxe6 Nxe6 12. Bxf6 gxf6 13. Nge2 Rg8 14. g3
h5 15. h4 b5 16. Rhf1 Nc5 17. b4 Ne6 18. a4 a5 19. axb5 axb4 20. Nb1 cxb5 21.
Rd5 Kc6 22. Kb2 Bc5 23. f4 Bd6 24. Rfd1 Bc7 25. c3 b3 26. Kxb3 Nc5+ 27. Kb2 Nxe4
28. Na3 Nd6 29. Kb3 Ra7 30. Nc2 Nc4 31. Nb4+ Kb6 32. Rd7 Ra3+ 33. Kc2 Ne3+ 34.
Kb2 Nxd1+ 35. Kxa3 Rd8 36. Rxf7 Rd2 37. Rxf6+ Kb7 38. Nc1 Nxc3 39. Kb3 Ne4 40.
Rf7 Nc5+ 41. Kc3 Ne4+ 42. Kb3 Nd6 43. Re7 Nf5 44. Rh7 e4 45. Kc3 Rg2 46. Nd5
Rxg3+ 47. Kb4 Rg7 48. Rxh5 Nd4 49. Kc5 Ne6+ 50. Kxb5 Bxf4 51. Nxf4 Nxf4 52. Re5
Rh7 1/2-1/2

[Event "TCh-FRA Top 12 2018"]
[Site "Brest FRA"]
[Date "2018.05.30"]
[Round "5.6"]
[Board "1"]
[White "Rodshtein, Maxim"]
[Black "Kryvoruchko, Yuriy"]
[Result "1/2-1/2"]
[WhiteTitle "GM"]
[BlackTitle "GM"]
[WhiteElo "2678"]
[BlackElo "2705"]
[WhiteTeam "BISCHWILLER"]
[BlackTeam "GRASSE Echecs"]
[WhiteFideId "2806851"]
[BlackFideId "14109182"]
[EventDate "2018.05.26"]

1. d4 Nf6 2. c4 e6 3. g3 d5 4. Bg2 Be7 5. Nf3 O-O 6. O-O dxc4 7. Qc2 a6 8. a4
Bd7 9. Qxc4 Bc6 10. Bg5 Bd5 11. Qc2 Be4 12. Qc1 h6 13. Bxf6 Bxf6 14. Nbd2 Bxf3
15. Nxf3 a5 16. Qc3 Nc6 17. Rad1 Nb4 18. Ne5 c6 19. Ng4 Rc8 20. e4 Be7 21. Kh1
h5 22. Ne3 g6 23. f4 Bf6 24. Qd2 Bg7 25. f5 exf5 26. exf5 Qg5 27. Rf4 Rcd8 28.
Nc4 Nd5 29. Rff1 Qxd2 30. Rxd2 b6 31. fxg6 fxg6 32. Re1 Nb4 33. Re4 c5 34. d5
Nxd5 35. Re6 Nb4 36. Rxd8 Rxd8 37. Be4 g5 38. Rxb6 g4 39. Kg2 Re8 40. Bg6 Re2+
41. Kf1 Rxh2 42. Rb8+ Bf8 43. Be4 h4 44. gxh4 g3 45. Nxa5 Rxh4 46. Bf3 Nd3 47.
Nc4 Rf4 48. Ke2 Rxc4 49. Kxd3 Rxa4 50. Ke3 Kg7 51. Rb6 Be7 52. Bg2 Bf6 53. b3
Ra2 54. Kf3 Be5 55. Re6 Bb8 56. Rb6 Rf2+ 57. Kg4 Rf8 58. Rc6 Rf2 59. Rb6 Be5 60.
Re6 Re2 61. Kf3 Re1 62. Kg4 Re3 63. Kf5 Bd4 64. Rxe3 Bxe3 65. Ke4 1/2-1/2

[Event "TCh-FRA Top 12 2018"]
[Site "Brest FRA"]
[Date "2018.05.30"]
[Round "5.6"]
[Board "2"]
[White "Kuzubov, Yuriy"]
[Black "Ragger, Markus"]
[Result "1/2-1/2"]
[WhiteTitle "GM"]
[BlackTitle "GM"]
[WhiteElo "2663"]
[BlackElo "2672"]
[WhiteTeam "GRASSE Echecs"]
[BlackTeam "BISCHWILLER"]
[WhiteFideId "14112906"]
[BlackFideId "1610856"]
[EventDate "2018.05.26"]

1. d4 Nf6 2. Nf3 g6 3. Nbd2 c5 4. dxc5 Qa5 5. a3 Qxc5 6. b4 Qc7 7. Bb2 Bg7 8. c4
O-O 9. g3 b6 10. Bg2 Bb7 11. O-O d6 12. Qb3 Nbd7 13. Rac1 Rac8 14. Rfd1 Rfd8 15.
Nf1 Qb8 16. Ne3 e6 17. Qa2 Ne8 18. Bxg7 Kxg7 19. Qb2+ Ndf6 20. g4 h6 21. h4 Kh7
22. g5 Ng8 23. Qd4 h5 24. Nd2 Bxg2 25. Kxg2 Qb7+ 26. Kg1 Ne7 27. Qf4 Kg7 28. Ne4
Nf5 29. Nxf5+ exf5 30. Nc3 Qe7 31. Nd5 Qe5 32. Qd2 Qe4 33. Qb2+ Qe5 34. Rd4 Kh8
35. Qd2 Nc7 36. f4 Qe6 37. Nf6 Ne8 38. Nd5 Nc7 39. Qb2 f6 40. Nxf6 Qe3+ 41. Kf1
Ne6 42. Rcd1 Nxd4 43. Rxd4 Rc7 44. Nxh5 Kg8 45. Nf6+ Kf8 46. Nd5 Qh3+ 47. Ke1
Re8 48. Qc3 Qxc3+ 49. Nxc3 Rec8 50. Rxd6 Rxc4 51. Nd5 Rd4 52. h5 gxh5 53. e3
Rc1+ 54. Ke2 Rc2+ 55. Kf3 Rd1 56. Rf6+ Kg7 57. Rxf5 h4 58. Ne7 Rd7 59. Re5 h3
60. Nf5+ Kf7 61. Ng3 h2 62. f5 Rc1 63. Re6 Rf1+ 64. Kg4 h1=Q 65. Nxh1 Rxh1 66.
g6+ Kg7 67. e4 Rg1+ 68. Kf4 Rf1+ 69. Kg5 Rg1+ 70. Kf4 Rf1+ 71. Kg5 Rg1+ 72. Kf4 1/2-1/2

[Event "TCh-FRA Top 12 2018"]
[Site "Brest FRA"]
[Date "2018.05.30"]
[Round "5.6"]
[Board "3"]
[White "Bacrot, Etienne"]
[Black "Hera, Imre Jr."]
[Result "1/2-1/2"]
[WhiteTitle "GM"]
[BlackTitle "GM"]
[WhiteElo "2714"]
[BlackElo "2620"]
[WhiteTeam "BISCHWILLER"]
[BlackTeam "GRASSE Echecs"]
[WhiteFideId "605506"]
[BlackFideId "716855"]
[EventDate "2018.05.26"]

1. e4 Nc6 2. Nf3 d6 3. d4 Nf6 4. Nc3 g6 5. d5 Nb8 6. Be3 Bg7 7. Qd2 O-O 8. h3 c6
9. g4 b5 10. a3 Qa5 11. Rb1 b4 12. axb4 Qxb4 13. Bd3 cxd5 14. g5 Nh5 15. Nxd5
Qb7 16. Qb4 Qxb4+ 17. Nxb4 Bb7 18. Nd2 f5 19. gxf6 Nxf6 20. c4 e6 21. f3 Nbd7
22. Be2 a5 23. Nd3 d5 24. Nf2 Nh5 25. cxd5 exd5 26. exd5 Bxd5 27. Nfe4 Ne5 28.
Kf2 Nf4 29. Bxf4 Rxf4 30. Kg3 Raf8 31. Rhf1 Nc6 32. Bc4 Bxc4 33. Nxc4 Nd4 34.
Ned2 R4f5 35. Rbe1 Rg5+ 36. Kh2 Rc5 37. Re4 Rfc8 38. Nd6 Rf8 39. N6c4 Rfc8 40.
Nd6 Be5+ 41. f4 Bxd6 42. Rxd4 Bb8 43. b4 axb4 44. Rxb4 g5 45. Ne4 Rc2+ 46. Kh1
Bxf4 47. Nxg5 Bxg5 48. Rg4 h6 49. h4 Rc1 50. Rxc1 Rxc1+ 51. Kg2 Rc5 52. hxg5
Rxg5 53. Kh3 Rxg4 54. Kxg4 Kg7 55. Kh5 Kh7 56. Kg4 Kg6 57. Kh4 1/2-1/2

[Event "TCh-FRA Top 12 2018"]
[Site "Brest FRA"]
[Date "2018.05.30"]
[Round "5.6"]
[Board "4"]
[White "Wirig, Anthony"]
[Black "Maze, Sebastien"]
[Result "1/2-1/2"]
[WhiteTitle "GM"]
[BlackTitle "GM"]
[WhiteElo "2504"]
[BlackElo "2615"]
[WhiteTeam "GRASSE Echecs"]
[BlackTeam "BISCHWILLER"]
[WhiteFideId "615013"]
[BlackFideId "613762"]
[EventDate "2018.05.26"]

1. Nf3 Nf6 2. g3 g6 3. b3 Bg7 4. Bb2 d6 5. d4 O-O 6. Bg2 c5 7. O-O Ne4 8. Nbd2
Nxd2 9. Qxd2 Nc6 10. c4 Bg4 11. dxc5 Bxf3 12. Bxf3 dxc5 13. Qxd8 Rfxd8 14. Bxg7
Kxg7 15. Bxc6 bxc6 16. Rfd1 a5 1/2-1/2

[Event "TCh-FRA Top 12 2018"]
[Site "Brest FRA"]
[Date "2018.05.30"]
[Round "5.6"]
[Board "5"]
[White "Naiditsch, Arkadij"]
[Black "Sebag, Marie"]
[Result "1/2-1/2"]
[WhiteTitle "GM"]
[BlackTitle "GM"]
[WhiteElo "2697"]
[BlackElo "2486"]
[WhiteTeam "BISCHWILLER"]
[BlackTeam "GRASSE Echecs"]
[WhiteFideId "4650891"]
[BlackFideId "617822"]
[EventDate "2018.05.26"]

1. c4 c6 2. e4 d5 3. exd5 cxd5 4. d4 Nf6 5. Nc3 Nc6 6. Bg5 dxc4 7. Bxc4 h6 8.
Be3 e6 9. Nf3 Bd6 10. O-O O-O 11. Rc1 b6 12. Qa4 Bb7 13. Rfd1 Ne7 14. Ne5 Ned5
15. Ba6 Bxa6 16. Qxa6 Nxc3 17. bxc3 Qc8 18. Qe2 Bxe5 19. dxe5 Nd5 20. Bd2 Ne7
21. c4 Qc5 22. Rb1 Nc6 23. Qe4 Rac8 24. Bc3 Rfd8 25. h4 Na5 26. Bxa5 Qxa5 27.
Rd6 Qxa2 28. Rbd1 Rf8 29. R1d4 Qb2 30. Rd7 a6 31. Qf4 b5 32. cxb5 Qc1+ 33. Qxc1
Rxc1+ 34. Kh2 axb5 35. Rb7 Rc5 36. f4 h5 37. Rb4 Rd8 38. R7xb5 1/2-1/2

[Event "TCh-FRA Top 12 2018"]
[Site "Brest FRA"]
[Date "2018.05.30"]
[Round "5.6"]
[Board "6"]
[White "Libiszewski, Fabien"]
[Black "Pelletier, Yannick"]
[Result "1/2-1/2"]
[WhiteTitle "GM"]
[BlackTitle "GM"]
[WhiteElo "2504"]
[BlackElo "2550"]
[WhiteTeam "GRASSE Echecs"]
[BlackTeam "BISCHWILLER"]
[WhiteFideId "616834"]
[BlackFideId "1301837"]
[EventDate "2018.05.26"]

1. c4 Nf6 2. Nc3 c5 3. Nf3 e6 4. g3 b6 5. Bg2 Bb7 6. O-O Be7 7. d4 cxd4 8. Qxd4
d6 9. Rd1 a6 10. b3 Nbd7 11. e4 Qc8 12. Ba3 Nc5 13. e5 Bxf3 14. Bxf3 dxe5 15.
Qxe5 Ncd7 16. Rxd7 Nxd7 17. Qxg7 Bf6 18. Ne4 Bxg7 19. Nd6+ Kd8 20. Nxf7+ Ke8 21.
Nd6+ Kd8 22. Nf7+ Ke8 23. Nd6+ 1/2-1/2

[Event "TCh-FRA Top 12 2018"]
[Site "Brest FRA"]
[Date "2018.05.30"]
[Round "5.6"]
[Board "7"]
[White "Edouard, Romain"]
[Black "Dorfman, Iossif"]
[Result "1/2-1/2"]
[WhiteTitle "GM"]
[BlackTitle "GM"]
[WhiteElo "2621"]
[BlackElo "2547"]
[WhiteTeam "BISCHWILLER"]
[BlackTeam "GRASSE Echecs"]
[WhiteFideId "633429"]
[BlackFideId "604011"]
[EventDate "2018.05.26"]

1. c4 Nf6 2. d4 e6 3. Nc3 d5 4. Nf3 c5 5. e3 cxd4 6. exd4 Bb4 7. Bd3 dxc4 8.
Bxc4 O-O 9. O-O b6 10. Bg5 Bb7 11. Rc1 Nbd7 12. Re1 Rc8 13. Bd3 Re8 14. a3 Be7
15. Ne5 h6 16. Bxf6 Nxf6 17. Bc4 Bd6 18. Qe2 Nd5 19. Ne4 Nf4 20. Qf3 Bxe5 21.
dxe5 Ng6 1/2-1/2

[Event "TCh-FRA Top 12 2018"]
[Site "Brest FRA"]
[Date "2018.05.31"]
[Round "6.1"]
[Board "1"]
[White "Hera, Imre Jr."]
[Black "Lagarde, Maxime"]
[Result "0-1"]
[WhiteTitle "GM"]
[BlackTitle "GM"]
[WhiteElo "2620"]
[BlackElo "2604"]
[WhiteTeam "GRASSE Echecs"]
[BlackTeam "NICE Alekhine"]
[WhiteFideId "716855"]
[BlackFideId "662399"]
[EventDate "2018.05.26"]

1. d4 f5 2. g3 Nf6 3. Bg2 g6 4. Nf3 Bg7 5. O-O O-O 6. b3 b6 7. Ne5 d5 8. c4 e6
9. Nc3 Bb7 10. Bg5 c6 11. Rc1 Qe8 12. Qd2 Nbd7 13. Nxd7 Qxd7 14. Rfd1 b5 15. Bh6
a6 16. Bxg7 Qxg7 17. Qe3 Rae8 18. Qe5 Qe7 19. f3 Rf7 20. h3 Qf8 21. Kh2 g5 22.
cxb5 cxb5 23. Nb1 Nd7 24. Qc7 Nf6 25. Qb6 f4 26. gxf4 gxf4 27. Rc7 Ree7 28. Rxe7
Qxe7 29. h4 Nd7 30. Qxb7 Qxh4+ 31. Kg1 Rg7 32. Rf1 Nf8 33. Qc8 Qf6 34. Rf2 Qxd4
35. Qc2 Ng6 36. Kf1 Rc7 0-1

[Event "TCh-FRA Top 12 2018"]
[Site "Brest FRA"]
[Date "2018.05.31"]
[Round "6.1"]
[Board "2"]
[White "Eljanov, Pavel"]
[Black "Kuzubov, Yuriy"]
[Result "1/2-1/2"]
[WhiteTitle "GM"]
[BlackTitle "GM"]
[WhiteElo "2702"]
[BlackElo "2663"]
[WhiteTeam "NICE Alekhine"]
[BlackTeam "GRASSE Echecs"]
[WhiteFideId "14102951"]
[BlackFideId "14112906"]
[EventDate "2018.05.26"]

1. e4 c5 2. Nf3 Nc6 3. Bb5 Nf6 4. Nc3 Qc7 5. O-O Nd4 6. Re1 e5 7. Bc4 Be7 8. d3
d6 9. Bg5 Bg4 10. Nb5 Nxb5 11. Bxb5+ Nd7 12. Bxe7 Kxe7 13. h3 Bh5 14. c3 Rhd8
15. g4 Bg6 16. Nh4 Kf8 17. Qf3 Nb6 18. a4 Qe7 19. Ng2 d5 20. a5 dxe4 21. dxe4
Nc8 22. Bc4 Nd6 23. Bd5 Rac8 24. c4 Ne8 25. Ne3 Nf6 26. Ra3 Kg8 27. Kh2 h6 28.
Nf5 Bxf5 29. gxf5 Kh7 30. Rg1 Rg8 31. Rb3 Rc7 32. Rg3 Rd7 33. Qe2 Rc8 34. Rb5
Rdc7 35. Kg1 Rg8 36. Kf1 Rd8 37. Ke1 Rd6 38. Rbb3 Ra6 39. Ra3 b6 40. axb6 Rxa3
41. bxa3 axb6 42. Qb2 Nxd5 1/2-1/2

[Event "TCh-FRA Top 12 2018"]
[Site "Brest FRA"]
[Date "2018.05.31"]
[Round "6.1"]
[Board "3"]
[White "Kryvoruchko, Yuriy"]
[Black "Wagner, Dennis"]
[Result "1-0"]
[WhiteTitle "GM"]
[BlackTitle "GM"]
[WhiteElo "2705"]
[BlackElo "2567"]
[WhiteTeam "GRASSE Echecs"]
[BlackTeam "NICE Alekhine"]
[WhiteFideId "14109182"]
[BlackFideId "24650684"]
[EventDate "2018.05.26"]

1. c4 c5 2. Nc3 g6 3. g3 Bg7 4. Bg2 Nc6 5. Nf3 d6 6. a3 e6 7. b4 Nge7 8. O-O O-O
9. Rb1 b6 10. e3 d5 11. bxc5 bxc5 12. Qc2 dxc4 13. Ne4 Qa5 14. Bb2 Ba6 15. Bxg7
Kxg7 16. Qc3+ Qxc3 17. dxc3 Rac8 18. Nxc5 Nb8 19. Nxa6 Nxa6 20. Rb7 Rc7 21. Rxc7
Nxc7 22. Rb1 Ned5 23. Rb7 Rc8 24. Bf1 Nxc3 25. Ne5 a6 26. Bxc4 Ne4 27. Ra7 Nc5
28. Nd3 Nxd3 29. Bxd3 h5 30. a4 Kf6 31. a5 Ke5 32. Kg2 g5 33. f4+ Kf6 34. e4
gxf4 35. gxf4 Kg7 36. Kf2 Kh6 37. h4 Kg6 38. Ke3 f5 39. Bxa6 Nxa6 40. Rxa6 Kf7
41. Ra7+ Kg6 42. Ra6 Kf7 43. exf5 exf5 44. Rh6 Kg7 45. Rd6 Rc5 46. a6 Ra5 47.
Kd4 Kf7 48. Kc4 1-0

[Event "TCh-FRA Top 12 2018"]
[Site "Brest FRA"]
[Date "2018.05.31"]
[Round "6.1"]
[Board "4"]
[White "Stevic, Hrvoje"]
[Black "Sebag, Marie"]
[Result "1-0"]
[WhiteTitle "GM"]
[BlackTitle "GM"]
[WhiteElo "2588"]
[BlackElo "2486"]
[WhiteTeam "NICE Alekhine"]
[BlackTeam "GRASSE Echecs"]
[WhiteFideId "14502569"]
[BlackFideId "617822"]
[EventDate "2018.05.26"]

1. e4 c5 2. c3 Nf6 3. e5 Nd5 4. Nf3 e6 5. Bc4 d6 6. d4 cxd4 7. cxd4 Be7 8. O-O
Nc6 9. exd6 Qxd6 10. Nc3 O-O 11. Re1 Rd8 12. Bb3 Nf6 13. Nb5 Qd7 14. Bf4 a6 15.
Nc7 Ra7 16. d5 exd5 17. Rc1 Bd6 18. Bxd6 Qxd6 19. Nxd5 h6 20. Ne3 Qxd1 21. Rexd1
Rxd1+ 22. Rxd1 Ra8 23. h3 Bd7 24. Nd5 Nxd5 25. Bxd5 Be8 26. Nd4 Nb4 27. Bb3 Rd8
28. f4 Nc6 29. Nxc6 Rxd1+ 30. Bxd1 Bxc6 31. Kf2 b6 32. Bf3 Be8 33. Ke3 Kf8 34.
Kd4 Ke7 35. Kd5 a5 36. Bg4 Bb5 37. g3 Be8 38. h4 Bb5 39. Bh3 Be8 40. Bg4 Bb5 41.
a3 Be8 42. b3 a4 43. b4 f6 44. Be2 Bd7 45. Bd3 Be8 46. f5 Bd7 47. Ba6 Be8 48.
Bb7 Bd7 49. Ba6 Be8 50. Bc8 Bb5 51. Bb7 Bd7 52. Ba6 Be8 53. Bd3 Bd7 54. h5 Be8
55. g4 Bd7 56. b5 Be8 57. Be2 Bd7 58. Kc4 Bc8 59. Kb4 Kd6 60. Bf3 Bd7 61. Bd1
Bc8 62. Bxa4 Bb7 63. Bd1 Be4 64. Be2 Kc7 65. a4 Kb7 66. a5 bxa5+ 67. Kxa5 Bd5
68. b6 Bc6 69. Bd1 Kc8 70. Kb4 Kb7 71. Kc5 Bg2 72. Bb3 1-0

[Event "TCh-FRA Top 12 2018"]
[Site "Brest FRA"]
[Date "2018.05.31"]
[Round "6.1"]
[Board "5"]
[White "Libiszewski, Fabien"]
[Black "Demuth, Adrien"]
[Result "1/2-1/2"]
[WhiteTitle "GM"]
[BlackTitle "GM"]
[WhiteElo "2504"]
[BlackElo "2542"]
[WhiteTeam "GRASSE Echecs"]
[BlackTeam "NICE Alekhine"]
[WhiteFideId "616834"]
[BlackFideId "642274"]
[EventDate "2018.05.26"]

1. e4 e5 2. Nf3 Nf6 3. Nc3 Nc6 4. Bb5 Nd4 5. Ba4 Bc5 6. Nxe5 O-O 7. Nd3 Bb6 8.
e5 c6 9. O-O Ne8 10. Ne2 Qh4 11. Nxd4 Qxd4 12. Bb3 d5 13. Qf3 f6 14. e6 Bxe6 15.
Nf4 Bf7 16. c3 Qe4 17. Qxe4 dxe4 18. Ne6 Bxe6 19. Bxe6+ Kh8 20. d4 exd3 21. Rd1
Rd8 22. Bc4 Nd6 23. Bxd3 Nc4 24. Kf1 Ne5 25. Be2 Rxd1+ 26. Bxd1 Nd3 27. f3 1/2-1/2

[Event "TCh-FRA Top 12 2018"]
[Site "Brest FRA"]
[Date "2018.05.31"]
[Round "6.1"]
[Board "6"]
[White "Rambaldi, Francesco"]
[Black "Apicella, Manuel"]
[Result "1/2-1/2"]
[WhiteTitle "GM"]
[BlackTitle "GM"]
[WhiteElo "2556"]
[BlackElo "2513"]
[WhiteTeam "NICE Alekhine"]
[BlackTeam "GRASSE Echecs"]
[WhiteFideId "20657307"]
[BlackFideId "600164"]
[EventDate "2018.05.26"]

1. Nf3 Nf6 2. g3 g6 3. b3 Bg7 4. Bb2 d6 5. d4 O-O 6. Bg2 Nbd7 7. O-O Re8 8. a4
c6 9. a5 Qc7 10. Nbd2 Rb8 11. Re1 b5 12. axb6 axb6 13. e4 b5 14. e5 dxe5 15.
dxe5 Nd5 16. Bd4 c5 17. e6 fxe6 18. Bxg7 Kxg7 19. c4 Nc3 20. Qc1 b4 21. Ne4 Nxe4
22. Rxe4 Nf6 23. Rh4 h5 24. Qe3 e5 25. Nxe5 Ng4 26. Nxg4 Bxg4 27. h3 Bf5 28. g4
Qd6 29. Qg5 Bc2 30. Rxh5 Rh8 31. Re1 Rxh5 32. gxh5 Re8 33. Bd5 e5 34. Re3 Qe7
35. Qg3 Kh6 36. hxg6 Bxg6 37. h4 Bc2 38. Rf3 Qg7 39. Kf1 Qxg3 40. fxg3 e4 41.
Rf6+ Kg7 42. Rf7+ Kh6 43. g4 e3 44. Ke1 Bxb3 45. g5+ Kh5 46. Rf4 Re7 47. Bf3+
Kg6 48. Be4+ Kh5 49. Bf3+ Kg6 50. Be4+ Kh5 51. Bd3 Ba4 52. Be2+ Kg6 53. Bd3+ Kh5
54. g6 Kh6 55. Rf8 Kg7 56. Rc8 b3 57. Rb8 Rd7 58. Ke2 Re7 59. Ke1 Rd7 60. Bf5
Re7 61. Rb6 Kh6 62. Ke2 Kh5 63. Ra6 Bd7 64. Bxd7 Rxd7 65. Rb6 Kxh4 66. Kxe3 Kg5
67. Ke4 b2 68. Ke5 Kh6 69. Ke6 Rd2 70. Kf7 Rf2+ 71. Ke7 Rc2 72. Kf7 Rf2+ 73. Ke7
Rc2 74. Kf7 Rf2+ 75. Ke7 1/2-1/2

[Event "TCh-FRA Top 12 2018"]
[Site "Brest FRA"]
[Date "2018.05.31"]
[Round "6.1"]
[Board "7"]
[White "Dorfman, Iossif"]
[Black "Flear, Glenn C"]
[Result "1/2-1/2"]
[WhiteTitle "GM"]
[BlackTitle "GM"]
[WhiteElo "2547"]
[BlackElo "2444"]
[WhiteTeam "GRASSE Echecs"]
[BlackTeam "NICE Alekhine"]
[WhiteFideId "604011"]
[BlackFideId "400165"]
[EventDate "2018.05.26"]

1. c4 e6 2. d4 d5 3. Nf3 Nf6 4. g3 c6 5. Nbd2 Nbd7 6. Bg2 Be7 7. O-O O-O 8. Re1
b5 9. c5 e5 10. dxe5 Ng4 11. Nb3 Ngxe5 12. Nxe5 Nxe5 13. Be3 Bf6 14. Bd4 1/2-1/2

[Event "TCh-FRA Top 12 2018"]
[Site "Brest FRA"]
[Date "2018.05.31"]
[Round "6.1"]
[Board "8"]
[White "Bollengier, Andreea"]
[Black "Wirig, Anthony"]
[Result "0-1"]
[WhiteTitle "WIM"]
[BlackTitle "GM"]
[WhiteElo "2260"]
[BlackElo "2504"]
[WhiteTeam "NICE Alekhine"]
[BlackTeam "GRASSE Echecs"]
[WhiteFideId "1203347"]
[BlackFideId "615013"]
[EventDate "2018.05.26"]

1. d4 Nf6 2. Nf3 g6 3. c4 b6 4. g3 Bb7 5. Bg2 Bg7 6. Nc3 O-O 7. O-O Ne4 8. Nxe4
Bxe4 9. b3 c5 10. Bb2 Nc6 11. e3 d5 12. Ne5 Nxe5 13. dxe5 Bxg2 14. Kxg2 dxc4 15.
bxc4 Qb8 16. Qd5 Rd8 17. Qe4 b5 18. cxb5 Qxb5 19. Rab1 Qa6 20. a4 c4 21. Bc3
Rab8 22. Rfd1 Qxa4 23. Rxd8+ Rxd8 24. Rb4 Qe8 25. Rxc4 Rc8 26. Ba1 Rxc4 27. Qxc4
a5 28. e4 e6 29. f4 h5 30. Kh3 Bf8 31. f5 Qd7 32. fxg6 fxg6 33. Bb2 Be7 34. Bc3
a4 35. Bb4 a3 36. Bxe7 Qxe7 37. Qa6 Kg7 38. g4 Qg5 39. Kg2 Qxg4+ 40. Kf2 Qf4+
41. Kg2 Qxe4+ 42. Kf2 Qc2+ 43. Kg3 Qb3+ 44. Kf2 a2 45. Qa7+ Kh6 46. Qa8 Qb2+ 47.
Kf3 Qxe5 48. Qxa2 Qd5+ 49. Qxd5 exd5 50. Kf4 g5+ 51. Ke5 g4 52. Kxd5 Kg5 53. Ke4
Kh4 54. Kd4 0-1

[Event "TCh-FRA Top 12 2018"]
[Site "Brest FRA"]
[Date "2018.05.31"]
[Round "6.2"]
[Board "1"]
[White "Navara, David"]
[Black "Piorun, Kacper"]
[Result "1-0"]
[WhiteTitle "GM"]
[BlackTitle "GM"]
[WhiteElo "2727"]
[BlackElo "2633"]
[WhiteTeam "MULHOUSE Philidor"]
[BlackTeam "Tremblay en France"]
[WhiteFideId "309095"]
[BlackFideId "1130420"]
[EventDate "2018.05.26"]

1. e4 e5 2. Nf3 Nc6 3. Bc4 Bc5 4. c3 Nf6 5. d3 d6 6. a4 a6 7. O-O O-O 8. Bg5 h6
9. Bh4 g5 10. Bg3 g4 11. Nh4 Nh5 12. Na3 Qg5 13. Nc2 Be6 14. b4 Bb6 15. Kh1 Ne7
16. Ne3 Bxe3 17. fxe3 Bxc4 18. dxc4 f5 19. exf5 Nxf5 20. Qd5+ Kh8 21. Nxf5 Rxf5
22. e4 Rf6 23. Qxb7 Raf8 24. Rxf6 Qxf6 25. Qa7 c5 26. Rg1 Qg5 27. Rd1 Qd2 28.
Rg1 Qg5 29. Be1 g3 30. h3 Qg7 31. Qxa6 Qd7 32. bxc5 Rf2 33. Bxf2 gxf2 34. Qxd6
Ng3+ 35. Kh2 fxg1=Q+ 36. Kxg1 Qg7 37. c6 Qg5 38. Qf8+ Kh7 39. Qf7+ 1-0

[Event "TCh-FRA Top 12 2018"]
[Site "Brest FRA"]
[Date "2018.05.31"]
[Round "6.2"]
[Board "3"]
[White "Gledura, Benjamin"]
[Black "Jobava, Baadur"]
[Result "1-0"]
[WhiteTitle "GM"]
[BlackTitle "GM"]
[WhiteElo "2615"]
[BlackElo "2663"]
[WhiteTeam "MULHOUSE Philidor"]
[BlackTeam "Tremblay en France"]
[WhiteFideId "712779"]
[BlackFideId "13601520"]
[EventDate "2018.05.26"]

1. Nf3 Nf6 2. c4 c6 3. d4 d5 4. e3 g6 5. Nc3 Bg7 6. Be2 O-O 7. O-O Na6 8. cxd5
cxd5 9. Qb3 Nc7 10. a4 Ne4 11. Nb5 Be6 12. Bd2 Nxd2 13. Nxd2 Ne8 14. Rfc1 Qa5
15. Nf3 Bf6 16. Rc5 b6 17. Rc6 a6 18. Nc3 b5 19. Nxd5 bxa4 20. Nxf6+ Nxf6 21.
Qa3 Rfb8 22. Qxe7 Rxb2 23. Rxe6 fxe6 24. Bc4 Qd8 25. Qxe6+ Kg7 26. Qf7+ Kh8 27.
h3 Qd6 28. Ne5 Rb4 29. Rc1 Rc8 30. g4 a3 31. g5 Nd7 32. Nxd7 a2 33. Bf1 1-0